000 00420cam a22001455a 4500
001 J100918
008 000000s1927 xxk 000 0 eng u
035 _a(Sirsi) u100918
110 _aAuctioneers' and Estate Agents' Institute of the United Kingdom
_93789
245 _aLibrary catalogue. Part 3, agriculture. 1927.
260 _c1927
651 4 _aUnited Kingdom
_y
690 _aBusiness and management
942 _n0
999 _c99921
_d99921